Taʻallam al-ʻArabīyah = (Record no. 51086)

MARC details
000 -LEADER
fixed length control field 00679cam a22002291a 4500
001 - CONTROL NUMBER
control field ne 68004616
003 - CONTROL NUMBER IDENTIFIER
control field DLC
005 - DATE AND TIME OF LATEST TRANSACTION
control field 20260227111850.0
008 - FIXED-LENGTH DATA ELEMENTS--GENERAL INFORMATION
fixed length control field 841105s1966 ua f000 0 ara
010 ## - LIBRARY OF CONGRESS CONTROL NUMBER
LC control number ne 68004616
035 ## - SYSTEM CONTROL NUMBER
System control number (OCoLC)11348518
040 ## - CATALOGING SOURCE
Original cataloging agency DLC
Transcribing agency CoD
Modifying agency AzU
-- DLC
041 0# - LANGUAGE CODE
Language code of text/sound track or separate title araeng
042 ## - AUTHENTICATION CODE
Authentication code premarc
050 00 - LIBRARY OF CONGRESS CALL NUMBER
Classification number PJ6307
Item number .U45
110 1# - MAIN ENTRY--CORPORATE NAME
Corporate name or jurisdiction name as entry element United Arab Republic.
Subordinate unit Wizārat al-Thaqāfah.
245 10 - TITLE STATEMENT
Title Taʻallam al-ʻArabīyah =
Remainder of title Learn Arabic.
260 ## - PUBLICATION, DISTRIBUTION, ETC.
Place of publication, distribution, etc. Cairo :
Name of publisher, distributor, etc. Ministry of Culture, United Arab Republic,
Date of publication, distribution, etc. 1966.
300 ## - PHYSICAL DESCRIPTION
Extent 2v. ;
Dimensions 24 cm.
650 #0 - SUBJECT ADDED ENTRY--TOPICAL TERM
Topical term or geographic name entry element Arabic language
General subdivision Textbooks for foreign speakers
-- English.
740 0# - ADDED ENTRY--UNCONTROLLED RELATED/ANALYTICAL TITLE
Uncontrolled related/analytical title Learn Arabic.

No items available.

Powered by Koha